000 00580nam a22002417a 4500
003 UA-OsUOA
001 30509
007 ta
008 20041110b un ||||| |||| 00| 0 ukr d
100 _aЯнковский Ю.З.
090 _a821:929(83)
_bЯ62
942 _cBK
040 _aUA-OsUOA
_bukr
_cUA-OsUOA
_dUA-OsUOA
245 _aПабло Перуда
_bЖиття і творчість
300 _a159 с.
955 _a0
041 _aukr
080 _a821:929(83)
260 _aКиїв
_bДніпро
_c1975
044 _aUA
650 7 _2UDC
999 _c316921
_d316921